• 首页
  • 本馆介绍
  • 公告通知
  • 最新文献
  • 馆藏检索
  • 电子资源
  • 读者荐购
  • 参考咨询
  • CALIS
  • 我的图书馆
  • 登录
  • 详细信息显示
  • 放入我的书架
  • 预约/预借图书
  • 作者相关作品
  • 分类相关作品
  • 丛书相关作品
  • 出版社相关作品

书目信息

  • 表格格式
  • 工作单格式
  • 卡片格式
题名:
创意产业与广告创意
    
 
作者: 丁建辉 著
分册:  
出版信息: 杭州   浙江大学出版社  2008.01
页数: 244页
开本: 23cm
丛书名: 文化创意与传播丛书
单 册:
中图分类: G114 , F713.8
科图分类:
主题词: 文化--wen hua--产业--研究 , 广告学--guang gao xue--研究
电子资源:
ISBN: 978-7-308-05759-2
 
 
 
 
 
000 01102nam 2200301 450
001 012009623180
005 20090622104653.39
010    @a978-7-308-05759-2@dCNY28.00
100    @a20090622d2008 km y0chi0120 ea
101 0  @achi
102    @aCN@b330000
105    @aa a 000yy
106    @ar
200 1  @a创意产业与广告创意@Achuang yi chan ye yu guang gao chuang yi@d= Creative indudtry & advertising creativity@f丁建辉著@Fding jian hui zhu@zeng
210    @a杭州@c浙江大学出版社@d2008.01
215    @a244页@c图@d23cm
225 2  @a文化创意与传播丛书@Awen hua chuang yi yu chuan bo cong shu
320    @a有书目 (第241-242页)
330    @a本书主要内容包括:创意产业异军突起,娱乐经济风起云涌,传媒娱乐日新月异,E化时代的受众,广告娱乐化之道等。
410  0 @12001 @a文化创意与传播丛书
510 1  @aCreative indudtry & advertising creativity@zeng
606 0  @a文化@Awen hua@x产业@x研究
606 0  @a广告学@Aguang gao xue@x研究
690    @aG114@v4
690    @aF713.8@v4
701  0 @a丁建辉@Ading jian hui@4著
801  0 @aCN@bQSSK@c20090622
905    @b744094-96@dG114@eD532@f3
    
    创意产业与广告创意= Creative indudtry & advertising creativity/丁建辉著.-杭州:浙江大学出版社,2008.01
    244页:图;23cm.-(文化创意与传播丛书)
    
    
    ISBN 978-7-308-05759-2:CNY28.00
    本书主要内容包括:创意产业异军突起,娱乐经济风起云涌,传媒娱乐日新月异,E化时代的受众,广告娱乐化之道等。
●
相关链接 在E读中查询图书 在当当中查询图书 在豆瓣中查询图书


正题名:创意产业与广告创意     索取号:G114/D532         预约/预借

序号 登录号 条形码 馆藏地/架位号 状态 备注
1 744094   207440946   社科二线422/409社科库 55排7列5层/ [索取号:G114/D532] 在馆    
2 744095   207440955   社科库409/409社科库 55排7列5层/ [索取号:G114/D532] 在馆    
3 744096   207440964   社科库409/409社科库 55排7列5层/ [索取号:G114/D532] 在馆    
河南城建学院图书馆 欢迎您!
大连网信软件有限公司© 版权所有